000 01701cam a2200385 a 4500
001 EDZ0000064014
003 StDuBDS
005 20161031105125.0
006 m||||||||d||||||||
007 cr |||||||||||
008 120327s1995 enka fo| 001|0|eng|d
020 _a9781446250549 (ebook) :
_cNo price
040 _aStDuBDS
_beng
_cStDuBDS
_epn
041 1 _aeng
_hita
049 _aAlfaisal Main Library
050 0 _aBF353
_b.B6613 1995
082 0 4 _a155.9
_223
100 1 _aBonnes, Mirilia.
240 1 0 _aPsicologia ambientale.
_lEnglish
245 1 0 _aEnvironmental psychology
_h[electronic resource] :
_ba psycho-social introduction /
_cMirilia Bonnes and Gianfranco Secchiaroli ; translated by Clare Montagna.
260 _aLondon :
_bSAGE,
_c1995.
300 _a1 online resource (vii, 230 p.) :
_bill.
520 8 _aThe authors start with a review of the history of environmental psychology, highlighting its interdisciplinary nature. They trace its roots in architecture, ecology and geography, and examine the continuing relationship of these subjects to the psychological tradition. The book then moves through key contemporary lines of research in the field.
521 _aSpecialized.
546 _aTranslated from the Italian.
588 _aDescription based on print version record.
504 _aIncludes bibliographical references and index.
650 0 _aEnvironmental psychology.
655 7 _aElectronic books.
_2local
700 1 _aSecchiaroli, Gianfranco.
710 2 _aSage eBooks
776 0 8 _iPrint version :
_z9780803979062
856 4 0 _uhttp://ezproxy.alfaisal.edu/login?url=http://sk.sagepub.com/books/environmental-psychology
942 _2lcc
_cEBOOKS
999 _c479797
_d479797